Englischsprachige Werbeslogans in kroatischen Fachzeitschriften für Hotellerie und Tourismus und ihre Akzeptanz

Gespeichert in:
Bibliographische Detailangaben
1. Verfasser: Bosnar-Valković, Brigita
Format: Buchkapitel
Sprache:Deutsch
Schlagworte:
Tags: Tag hinzufügen
Keine Tags, Fügen Sie das erste Tag hinzu!

MARC

LEADER 00000naa$a2200000$$$4500
001 0021357
005 20221128113338.5
041 0 |a ger 
044 |a SK 
245 1 0 |a Englischsprachige Werbeslogans in kroatischen Fachzeitschriften für Hotellerie und Tourismus und ihre Akzeptanz  |c Brigita Bosnar-Valković 
610 2 0 |a ruch cestovný 
610 2 0 |a reklama 
610 2 0 |a propagácia 
610 2 0 |a hotelierstvo 
610 2 0 |a prieskum sociologický 
610 2 0 |a trh reklamný 
610 2 0 |a angličtina 
610 2 0 |a srbochorvátčina 
610 2 0 |a Chorvátsko 
100 1 |a Bosnar-Valković, Brigita